| 000 | 01677cab a2200241 4500 | ||
|---|---|---|---|
| 001 | ABS68088 | ||
| 008 | 040810n2004 000 0 eng u | ||
| 035 | _a(Sirsi) u127038 | ||
| 100 | _aWordsworth, P. | ||
| 245 | _aFlooding in buildings: assessment, limitation and rehabilitation | ||
| 260 | _c2004 | ||
| 490 |
_aStructural Survey _v22(2) 2004, 105-109(5) |
||
| 520 | _aThere is an increasing body of knowledge and experience of dealing with flooded buildings becoming more readily available to both building owners and property professionals. However, some building insurers are still hesitant to insure flood risk in previously flooded or high risk buildings. This leads to uncertainty in valuing or managing properties at risk from flooding. A survey of surveyors and a case study of a flooding incident in Rossett, North Wales indicated that responses to flood events were often varied and uncoordinated, with some areas of effective action and good practice. Demonstrates the particular components of buildings most prone to damage during a flood. Shows the most common difficulties experienced in managing a flood event and highlights the need for a more coordinated approach to the problem. Concludes by reviewing some of the more accessible information available to property owners, managers and professionals on flood protection and flood reinstatement. Table and references. [Taken from journal abstract]. | ||
| 590 | _aABS | ||
| 650 | _aFLOODING | ||
| 650 | _aINSURANCE ASSESSMENTS | ||
| 650 | _aFLOOD PREVENTION | ||
| 650 | _aFLOODING | ||
| 658 | _aFLOOD | ||
| 690 | _aBUILT ENVIRONMENT-CONSTRUCTION DESIGN | ||
| 700 | _aBithell, D. | ||
| 942 | _n0 | ||
| 999 |
_c74498 _d74498 |
||